[Event "Airthings Masters - Torneo Preliminare"]
[Site "Internet"]
[Date "03.02.2023"]
[Round "1"]
[White "Ivanchuk, Vasyl"]
[Black "Arjun, Kalyan"]
[Result "0-1"]
[WhiteTitle ""]
[BlackTitle ""]
[WhiteElo "2664"]
[BlackElo "2516"]
[WhiteFideId "14100010"]
[BlackFideId "35018701"]
[EventDate "2023.02.03"]

1. e4 e5 2. Nf3 Nc6 3. Bb5 a6 4. Ba4 Nf6 5. O-O b5 6. Bb3 Bc5 7. c3 d6 8. a4 Rb8
9. d4 Bb6 10. Na3 O-O 11. axb5 axb5 12. Nxb5 Bg4 13. Bc2 Bxf3 14. gxf3 Nh5 15.
f4 Nxf4 16. Bxf4 exf4 17. Na3 Ne7 18. Nc4 c5 19. dxc5 Bxc5 20. Kh1 Ng6 21. f3
Qc7 22. Qe2 Ne5 23. Bd3 Rfe8 24. Nxe5 Rxe5 25. Bc4 Qe7 26. Bd5 Rxd5 0-1

[Event "Airthings Masters - Torneo Preliminare"]
[Site "Internet"]
[Date "03.02.2023"]
[Round "1"]
[White "Kobalia, Mikhail"]
[Black "Gadimbayli, Abdulla"]
[Result "0-1"]
[WhiteTitle ""]
[BlackTitle ""]
[WhiteElo "2577"]
[BlackElo "2507"]
[WhiteFideId "4119150"]
[BlackFideId "13404938"]
[EventDate "2023.02.03"]

1. e4 e5 2. Nf3 d5 3. d4 dxe4 4. Nxe5 Bd6 5. Nc3 Bxe5 6. dxe5 Qxd1+ 7. Nxd1 Nc6
8. Nc3 Bf5 9. Bb5 Ne7 10. O-O a6 11. Bxc6+ Nxc6 12. Bf4 O-O-O 13. Rfe1 Rhe8 14.
Nxe4 Rd4 15. f3 Bxe4 16. Rxe4 Rxe4 17. fxe4 Nxe5 18. Re1 f6 19. Kf2 Nc6 20. c3
Ne5 21. h3 Nd3+ 0-1

[Event "Airthings Masters - Torneo Preliminare"]
[Site "Internet"]
[Date "03.02.2023"]
[Round "1"]
[White "Andreikin, Dmitry"]
[Black "Malakhov, Vladimir"]
[Result "1-0"]
[WhiteTitle ""]
[BlackTitle ""]
[WhiteElo "2729"]
[BlackElo "2650"]
[WhiteFideId "4158814"]
[BlackFideId "4120787"]
[EventDate "2023.02.03"]

1. Nf3 d5 2. d4 Nf6 3. c4 e6 4. Bg5 a6 5. cxd5 exd5 6. e3 Be6 7. Nc3 Nbd7 8. h3
Bd6 9. Bd3 c6 10. O-O O-O 11. Nd2 h6 12. Bh4 g5 13. Bg3 Bxg3 14. fxg3 Kg7 15. g4
Nb6 16. Rf2 Nc4 17. Nxc4 dxc4 18. Bc2 Nd5 19. Qf3 Nb4 20. Be4 Nd3 21. Bxd3 cxd3
22. Qe4 Qd7 23. Raf1 b5 24. Qe5+ Kg6 25. Rf6+ Kh7 26. Rxh6+ 1-0

[Event "Airthings Masters - Torneo Preliminare"]
[Site "Internet"]
[Date "03.02.2023"]
[Round "1"]
[White "Kramnik, Vladimir"]
[Black "Nesterov, Arseniy"]
[Result "1-0"]
[WhiteTitle ""]
[BlackTitle ""]
[WhiteElo "2753"]
[BlackElo "2568"]
[WhiteFideId "4101588"]
[BlackFideId "24198455"]
[EventDate "2023.02.03"]

1. Nf3 d5 2. g3 Nf6 3. Bg2 e6 4. O-O Be7 5. c4 O-O 6. cxd5 exd5 7. b3 c5 8. d4
Nc6 9. Nc3 a6 10. Bb2 Bg4 11. dxc5 Bxc5 12. Rc1 Ba7 13. h3 Be6 14. e3 Rc8 15.
Ne2 Ne4 16. Nf4 Qd6 17. Qe2 Rfd8 18. Rfd1 Qe7 19. Kh2 h6 20. Nh5 g6 21. Nf4 g5
22. Nh5 Bf5 23. Nd2 Ne5 24. Rxc8 Rxc8 25. Nxe4 dxe4 26. Bxe5 Qxe5 27. Rd5 Qe6
28. Qb2 f6 29. Qxf6 1-0

[Event "Airthings Masters - Torneo Preliminare"]
[Site "Internet"]
[Date "03.02.2023"]
[Round "1"]
[White "Matlakov, Maxim"]
[Black "Narayanan, Srinath"]
[Result "1/2-1/2"]
[WhiteTitle ""]
[BlackTitle ""]
[WhiteElo "2662"]
[BlackElo "2559"]
[WhiteFideId "4168003"]
[BlackFideId "5018420"]
[EventDate "2023.02.03"]

1. d4 d5 2. c4 dxc4 3. Nf3 Nf6 4. e3 e6 5. Bxc4 c5 6. O-O a6 7. Re1 b5 8. Bf1
cxd4 9. Qxd4 Qxd4 10. Nxd4 Bd7 11. Bd2 Nc6 12. Nxc6 Bxc6 13. Rc1 Bd7 14. f3 Bd6
15. Nc3 Ke7 16. Rc2 g5 17. Be1 Rhc8 18. Rac1 b4 19. Ne2 Rxc2 20. Rxc2 Rc8 21.
Rxc8 Bxc8 22. Nd4 Bb7 23. h3 Nd5 24. Kf2 Be5 25. Bc4 1/2-1/2

[Event "Airthings Masters - Torneo Preliminare"]
[Site "Internet"]
[Date "03.02.2023"]
[Round "1"]
[White "Bartel, Mateusz"]
[Black "Martinez Alcantara, Jose Eduardo"]
[Result "1/2-1/2"]
[WhiteTitle ""]
[BlackTitle ""]
[WhiteElo "2615"]
[BlackElo "2607"]
[WhiteFideId "1112635"]
[BlackFideId "3805662"]
[EventDate "2023.02.03"]

1. e4 e5 2. Nf3 Nf6 3. Nxe5 d6 4. Nf3 Nxe4 5. Bd3 d5 6. O-O Be7 7. Nc3 Nf6 8. h3
O-O 9. Ne2 c5 10. Ng3 Nc6 11. Bb5 Ne4 12. d3 Nxg3 13. fxg3 Qb6 14. Bxc6 Qxc6 15.
Bf4 f6 16. g4 Bd7 17. Qd2 Rae8 18. b3 Bd8 19. a4 Re6 20. Rae1 Rxe1 21. Rxe1 Re8
22. Rxe8+ Bxe8 23. Qe2 Bd7 24. Kh2 Qe6 25. Qf2 b6 26. Bg3 g5 27. Nd2 h6 28. Nf1
f5 29. gxf5 Qxf5 30. Qe2 Qe6 31. Qf3 Qf7 32. Qe2 Qe6 33. Qf3 Qf7 34. Qe2 Qe6 1/2-1/2

[Event "Airthings Masters - Torneo Preliminare"]
[Site "Internet"]
[Date "03.02.2023"]
[Round "1"]
[White "Cardoso Cardoso, Jose Gabriel"]
[Black "Ponkratov, Pavel"]
[Result "1-0"]
[WhiteTitle ""]
[BlackTitle ""]
[WhiteElo "2498"]
[BlackElo "2577"]
[WhiteFideId "4430492"]
[BlackFideId "4157800"]
[EventDate "2023.02.03"]

1. Nf3 Nf6 2. c4 g6 3. Nc3 Bg7 4. e4 e5 5. d3 d6 6. g3 O-O 7. Bg2 Nc6 8. O-O Rb8
9. Be3 a6 10. Rc1 Ng4 11. Bg5 f6 12. Bd2 f5 13. Nd5 Nf6 14. Bg5 fxe4 15. dxe4
Bg4 16. h3 Bxf3 17. Bxf3 Nd4 18. Bg2 c6 19. Nxf6+ Bxf6 20. Be3 c5 21. Bxd4 exd4
22. f4 b5 23. b3 g5 24. Qg4 Kh8 25. fxg5 Be5 26. Rf5 bxc4 27. Rxc4 Qa5 28. g6
Qe1+ 29. Kh2 Rxf5 30. exf5 d3 31. f6 Bxf6 32. Re4 d2 33. Qh5 Rb7 34. Qf5 Kg7 35.
gxh7 d1=Q 36. Qxf6+ Kxf6 37. h8=Q+ Rg7 38. Qh6+ Kf7 39. Qe6+ Kf8 40. Qe8# 1-0

[Event "Airthings Masters - Torneo Preliminare"]
[Site "Internet"]
[Date "03.02.2023"]
[Round "1"]
[White "Aronian, Levon"]
[Black "Xu, Xiangyu"]
[Result "0-1"]
[WhiteTitle ""]
[BlackTitle ""]
[WhiteElo "2736"]
[BlackElo "2578"]
[WhiteFideId "13300474"]
[BlackFideId "8608288"]
[EventDate "2023.02.03"]

1. e4 e6 2. d4 d5 3. Nc3 Bb4 4. e5 c5 5. a3 Bxc3+ 6. bxc3 Nc6 7. a4 Qa5 8. Bd2
Nge7 9. Bb5 Bd7 10. Qh5 Qb6 11. dxc5 Qc7 12. f4 Na5 13. Nf3 Bxb5 14. axb5 Nc4
15. Nd4 g6 16. Qh4 Qxc5 17. g4 Rc8 18. Bc1 Nxe5 19. Ba3 Qxc3+ 20. Ke2 Qc4+ 21.
Ke1 g5 22. Qxg5 N7g6 23. Rd1 Qc3+ 24. Ke2 h6 25. Qf6 Nxg4 0-1

[Event "Airthings Masters - Torneo Preliminare"]
[Site "Internet"]
[Date "03.02.2023"]
[Round "1"]
[White "Chigaev, Maksim"]
[Black "Nepomniachtchi, Ian"]
[Result "0-1"]
[WhiteTitle ""]
[BlackTitle ""]
[WhiteElo "2632"]
[BlackElo "2793"]
[WhiteFideId "4108116"]
[BlackFideId "4168119"]
[EventDate "2023.02.03"]

1. e4 c5 2. Nf3 e6 3. d4 cxd4 4. Nxd4 Nc6 5. Nc3 Qc7 6. a3 a6 7. Be3 Nf6 8. f4
h5 9. Be2 d6 10. Qd2 Bd7 11. O-O-O Be7 12. Rhe1 Rc8 13. Kb1 O-O 14. h3 h4 15. g4
hxg3 16. Rg1 Nxd4 17. Bxd4 e5 18. fxe5 dxe5 19. Rxg3 exd4 20. Rxg7+ Kxg7 21.
Rg1+ Kh7 22. Qg5 Ng4 23. Qh5+ Nh6 24. Bd3 Qf4 25. e5+ Kh8 26. Nd5 Qh4 0-1

[Event "Airthings Masters - Torneo Preliminare"]
[Site "Internet"]
[Date "03.02.2023"]
[Round "1"]
[White "Jumabayev, Rinat"]
[Black "Haub, Thorsten Michael"]
[Result "1-0"]
[WhiteTitle ""]
[BlackTitle ""]
[WhiteElo "2609"]
[BlackElo "2414"]
[WhiteFideId "13702661"]
[BlackFideId "4610776"]
[EventDate "2023.02.03"]

1. c4 g6 2. g3 Bg7 3. Bg2 Nf6 4. Nf3 O-O 5. d4 c6 6. O-O d6 7. Nc3 Qa5 8. h3 e5
9. e4 Re8 10. Be3 Nbd7 11. Qc2 exd4 12. Nxd4 Ne5 13. b3 a6 14. Rad1 c5 15. Nde2
Qc7 16. Bg5 h6 17. Bxf6 Bxf6 18. Qd2 Bxh3 19. Qxh6 Bxg2 20. Kxg2 Bg7 21. Qh3
Rad8 22. Rh1 Qd7 23. Qh7+ Kf8 24. f3 Nc6 25. Nd5 Nd4 26. Nef4 Re5 27. Rh6 Ne6
28. Rxg6 fxg6 29. Nxg6+ Kf7 30. Nxe5+ dxe5 31. Qf5+ 1-0

[Event "Airthings Masters - Torneo Preliminare"]
[Site "Internet"]
[Date "03.02.2023"]
[Round "1"]
[White "Sarana, Alexey"]
[Black "Rustemov, Alexander"]
[Result "1-0"]
[WhiteTitle ""]
[BlackTitle ""]
[WhiteElo "2668"]
[BlackElo "2525"]
[WhiteFideId "24133795"]
[BlackFideId "4119002"]
[EventDate "2023.02.03"]

1. d4 d5 2. Nf3 c6 3. c4 Nf6 4. Nc3 dxc4 5. a4 Bf5 6. Ne5 Nbd7 7. Nxc4 Nb6 8.
Ne5 a5 9. e3 g6 10. Bd3 Bxd3 11. Nxd3 Bg7 12. O-O O-O 13. Bd2 Nbd5 14. Qb3 Qb6
15. Qxb6 Nxb6 16. Rfc1 Nfd5 17. Ne4 Nd7 18. Nec5 Nxc5 19. Rxc5 Ra7 20. Rxa5 Rxa5
21. Bxa5 Ra8 22. Bd2 f5 23. a5 b6 24. b4 Kf7 25. Rc1 Rc8 26. Kf1 Ke6 27. Ke2 Kd7
28. f3 Rb8 29. Be1 e6 30. axb6 Rxb6 31. Nc5+ Kd6 32. Ra1 e5 33. Ra7 Nc7 34. Kd3
g5 35. Kc4 Rb8 36. Rxc7 Kxc7 37. Na6+ Kb7 38. Nxb8 Kxb8 39. d5 Kc7 40. dxc6 Kxc6
41. b5+ Kd6 42. Bb4+ Ke6 43. e4 fxe4 44. fxe4 Bf6 45. b6 Bd8 46. Bc5 g4 47. b7
Kd7 48. b8=Q 1-0

[Event "Airthings Masters - Torneo Preliminare"]
[Site "Internet"]
[Date "03.02.2023"]
[Round "1"]
[White "Kaufman, Lawrence"]
[Black "Muradli, Mahammad"]
[Result "0-1"]
[WhiteTitle ""]
[BlackTitle ""]
[WhiteElo "2188"]
[BlackElo "2539"]
[WhiteFideId "2000555"]
[BlackFideId "13409301"]
[EventDate "2023.02.03"]

1. e4 c5 2. Nf3 d6 3. Bb5+ Bd7 4. Bxd7+ Nxd7 5. O-O Ngf6 6. Qe2 e6 7. b3 g6 8.
Bb2 Bg7 9. d4 cxd4 10. Nxd4 O-O 11. c4 d5 12. cxd5 exd5 13. exd5 Nxd5 14. Rd1
Re8 15. Qb5 N7b6 16. Na3 a6 17. Qf1 Qe7 18. Nc4 Nxc4 19. Qxc4 Rad8 20. g3 Nb6
21. Qc2 Qe4 22. Qxe4 Rxe4 23. Re1 Rxe1+ 24. Rxe1 Bxd4 25. Bxd4 Rxd4 26. Re7 Rd1+
27. Kg2 Nd5 28. Rxb7 Rd2 29. a4 Ne3+ 30. Kf3 Nd1 0-1

[Event "Airthings Masters - Torneo Preliminare"]
[Site "Internet"]
[Date "03.02.2023"]
[Round "1"]
[White "Wagner, Dennis"]
[Black "Kovalenko, Igor"]
[Result "0-1"]
[WhiteTitle ""]
[BlackTitle ""]
[WhiteElo "2584"]
[BlackElo "2674"]
[WhiteFideId "24650684"]
[BlackFideId "14117908"]
[EventDate "2023.02.03"]

1. d4 Nf6 2. Nf3 g6 3. c4 Bg7 4. Nc3 d6 5. e4 Bg4 6. Be2 Nfd7 7. Be3 Nc6 8. d5
Bxc3+ 9. bxc3 Na5 10. h3 Bxf3 11. gxf3 e5 12. h4 Qe7 13. Qa4 b6 14. h5 g5 15. h6
Rd8 16. Bf1 O-O 17. Bh3 f6 18. Ke2 Kh8 19. Bf5 Rfe8 20. Rab1 Nc5 21. Bxc5 dxc5
22. Rbd1 Rd6 23. Rd2 Rdd8 24. Rdd1 Nb7 25. Be6 Nd6 26. Qa6 Ra8 27. a4 Reb8 28.
Rb1 Qe8 29. Ra1 Qg6 30. a5 g4 31. Bxg4 Nxe4 32. Bh5 Ng3+ 33. fxg3 Qc2+ 34. Kf1
Qd3+ 35. Kg2 Qd2+ 36. Kh3 Qxh6 37. g4 f5 38. Rae1 Rg8 39. Rxe5 fxg4+ 40. fxg4
Raf8 41. Qb5 Rf3+ 42. Kg2 Qf4 43. Qb2 Qg3# 0-1

[Event "Airthings Masters - Torneo Preliminare"]
[Site "Internet"]
[Date "03.02.2023"]
[Round "1"]
[White "Chirila, Ioan-Cristian"]
[Black "Harsha, Bharathakoti"]
[Result "1-0"]
[WhiteTitle ""]
[BlackTitle ""]
[WhiteElo "2543"]
[BlackElo "2599"]
[WhiteFideId "1211668"]
[BlackFideId "5078776"]
[EventDate "2023.02.03"]

1. e4 c5 2. Nf3 e6 3. b3 a6 4. Bb2 Nc6 5. c4 Nf6 6. e5 Ng4 7. h3 Nh6 8. Be2 Nf5
9. O-O Be7 10. Nc3 O-O 11. Ne4 b6 12. Re1 Bb7 13. Bd3 f6 14. exf6 gxf6 15. Ng3
Nxg3 16. fxg3 f5 17. g4 fxg4 18. Ne5 Nxe5 19. Rxe5 Rf4 20. Bxh7+ Kxh7 21. Qc2+
Kg7 22. Rg5+ Kf8 23. Rg8+ 1-0

[Event "Airthings Masters - Torneo Preliminare"]
[Site "Internet"]
[Date "03.02.2023"]
[Round "1"]
[White "Tristan, Leonardo"]
[Black "Timofeev, Artyom"]
[Result "1/2-1/2"]
[WhiteTitle ""]
[BlackTitle ""]
[WhiteElo "2545"]
[BlackElo "2567"]
[WhiteFideId "113816"]
[BlackFideId "4140419"]
[EventDate "2023.02.03"]

1. d4 d5 2. Nf3 e6 3. Bf4 Bd6 4. e3 Nf6 5. Nbd2 O-O 6. c3 b6 7. h4 Bb7 8. h5 h6
9. Bd3 Ne4 10. Ne5 Nd7 11. f3 Nxd2 12. Kxd2 Bxe5 13. dxe5 f6 14. exf6 Qxf6 15.
Bg6 e5 16. Bg3 Qe6 17. Kc2 Nf6 18. Qe2 c5 19. Rad1 a5 20. Kb1 a4 21. a3 Ba6 22.
Qc2 Bc4 23. Qf5 Qxf5+ 24. Bxf5 Rfe8 25. Bg6 Re6 26. Bf5 Re7 27. Bh4 Ree8 28. g4
Be2 29. Rd2 Bxf3 30. Rf1 e4 31. Bxf6 gxf6 32. Rxd5 Rad8 33. Bd7 Kg7 34. c4 Re5
35. Rxe5 fxe5 36. Bxa4 Rd3 37. Re1 Kf6 38. Bc2 Rd8 39. b4 Kg5 40. Rg1 Rd2 41.
bxc5 bxc5 42. a4 Re2 43. a5 Rxe3 44. Kb2 Re2 45. Kc3 Re3+ 46. Kb2 Re2 47. Kc3
Re3+ 48. Kb2 1/2-1/2

[Event "Airthings Masters - Torneo Preliminare"]
[Site "Internet"]
[Date "03.02.2023"]
[Round "1"]
[White "Bluebaum, Matthias"]
[Black "Bernadskiy, Vitaliy"]
[Result "1-0"]
[WhiteTitle ""]
[BlackTitle ""]
[WhiteElo "2663"]
[BlackElo "2612"]
[WhiteFideId "24651516"]
[BlackFideId "14100371"]
[EventDate "2023.02.03"]

1. d4 Nf6 2. c4 g6 3. Nc3 d5 4. cxd5 Nxd5 5. e4 Nxc3 6. bxc3 Bg7 7. Nf3 c5 8.
Bb5+ Nc6 9. O-O O-O 10. Bxc6 bxc6 11. Qc2 Qc7 12. Ba3 cxd4 13. cxd4 Bg4 14. Ne5
Bxe5 15. dxe5 Qxe5 16. h3 Be6 17. Bxe7 Rfe8 18. Ba3 Rab8 19. Rad1 Qa5 20. Rd3 c5
21. Qc1 c4 22. Rg3 Qe5 23. f4 Qxe4 24. Bb2 Qe2 25. Ba1 Rf8 26. f5 Bxf5 27. Rxf5
Rfd8 28. Qc3 Rd1+ 29. Kh2 Rxa1 30. Qxa1 Rb2 31. Qf1 1-0

[Event "Airthings Masters - Torneo Preliminare"]
[Site "Internet"]
[Date "03.02.2023"]
[Round "1"]
[White "Guseinov, Gadir"]
[Black "Makhnev, Denis"]
[Result "1-0"]
[WhiteTitle ""]
[BlackTitle ""]
[WhiteElo "2661"]
[BlackElo "2483"]
[WhiteFideId "13401378"]
[BlackFideId "13707647"]
[EventDate "2023.02.03"]

1. e4 e5 2. Nf3 Nc6 3. Bb5 a6 4. Bxc6 dxc6 5. O-O Qd6 6. d3 Bg4 7. Be3 f6 8.
Nbd2 O-O-O 9. Qe2 g5 10. Rfb1 Ne7 11. b4 Ng6 12. a4 Nf4 13. Qf1 h5 14. b5 c5 15.
Nc4 Qe6 16. Bxf4 gxf4 17. Nfd2 Rg8 18. Kh1 h4 19. f3 Bh5 20. bxa6 Qxa6 21. Rb5
b6 22. d4 h3 23. g4 fxg3 24. Qxh3+ Kb8 25. Qxh5 g2+ 26. Kg1 cxd4 27. Rab1 Qxa4
28. Qf7 Bc5 29. Rxc5 1-0

[Event "Airthings Masters - Torneo Preliminare"]
[Site "Internet"]
[Date "03.02.2023"]
[Round "1"]
[White "Gajewski, Grzegorz"]
[Black "Puranik, Abhimanyu"]
[Result "0-1"]
[WhiteTitle ""]
[BlackTitle ""]
[WhiteElo "2594"]
[BlackElo "2596"]
[WhiteFideId "1116207"]
[BlackFideId "5061245"]
[EventDate "2023.02.03"]

1. d4 Nf6 2. Nf3 g6 3. Bg5 Bg7 4. Nbd2 d5 5. c3 O-O 6. e3 Nbd7 7. Bd3 Re8 8. h4
e5 9. dxe5 Nxe5 10. Nxe5 Rxe5 11. Nf3 Re8 12. h5 Qd6 13. hxg6 fxg6 14. Qa4 b5
15. Qh4 b4 16. cxb4 Rb8 17. a3 a5 18. Bxf6 Qxf6 19. Qxh7+ Kf7 20. Rc1 Rb7 21.
Qh2 c6 22. Qg3 axb4 23. axb4 Rxb4 24. Rh7 Kg8 25. Bxg6 Rg4 0-1

[Event "Airthings Masters - Torneo Preliminare"]
[Site "Internet"]
[Date "03.02.2023"]
[Round "1"]
[White "Kantor, Gergely"]
[Black "Lazavik, Denis"]
[Result "0-1"]
[WhiteTitle ""]
[BlackTitle ""]
[WhiteElo "2532"]
[BlackElo "2541"]
[WhiteFideId "751499"]
[BlackFideId "13515110"]
[EventDate "2023.02.03"]

1. d4 Nf6 2. c4 e6 3. Nf3 d5 4. g3 Bb4+ 5. Bd2 a5 6. Bg2 O-O 7. Qc2 c5 8. O-O
cxd4 9. Nxd4 Nc6 10. Nxc6 bxc6 11. Nc3 Ba6 12. b3 Qe7 13. a3 Bxa3 14. Na4 Bb4
15. Nb6 Rab8 16. Bxb4 Qxb4 17. c5 Bb5 18. Ra2 d4 19. Rfa1 Rbd8 20. Rxa5 d3 21.
exd3 Bxd3 22. Qb2 Bb5 23. R5a2 Qxc5 24. Na4 Qb4 25. Qc3 Qg4 26. h3 Qf5 27. Nc5
h5 28. b4 Rd6 29. Ra8 Rxa8 30. Rxa8+ Kh7 31. Ra1 g6 32. Bf3 e5 33. Re1 Rd4 34.
Qe3 Rxb4 35. Bg2 Rb1 36. Rxb1 Qxb1+ 37. Kh2 Qf5 38. Nb7 Qe6 39. Nd8 Qd7 40. Qb6
e4 41. Nb7 Nd5 42. Qa7 Qe7 43. Qb8 e3 44. fxe3 Nxe3 45. Nd6 Nxg2 46. Kxg2 Qe2+
47. Kg1 Qf1+ 48. Kh2 Qf2+ 49. Kh1 Be2 0-1

[Event "Airthings Masters - Torneo Preliminare"]
[Site "Internet"]
[Date "03.02.2023"]
[Round "1"]
[White "Williams, Simon K"]
[Black "Perez Ponsa, Federico"]
[Result "0-1"]
[WhiteTitle ""]
[BlackTitle ""]
[WhiteElo "2465"]
[BlackElo "2532"]
[WhiteFideId "404454"]
[BlackFideId "117927"]
[EventDate "2023.02.03"]

1. d4 Nf6 2. Nc3 d5 3. Bf4 c5 4. e4 Nxe4 5. Nxe4 dxe4 6. dxc5 Qa5+ 7. c3 Qxc5 8.
Qa4+ Nc6 9. Qxe4 g6 10. Qe3 e5 11. Nf3 f6 12. Nd2 Be6 13. Nb3 Qb6 14. Bh6 Bxh6
15. Qxh6 Bxb3 16. axb3 Qxb3 17. Bd3 O-O-O 18. Be4 Qc4 19. Qe3 a6 20. Bxc6 Qxc6
21. O-O Rd6 22. Qa7 Rhd8 23. Ra5 Qb6 24. Rc5+ Kd7 25. Qxb6 Rxb6 26. b4 Rc6 27.
Rd1+ Kc7 28. Rxd8 Kxd8 29. Rxc6 bxc6 30. f3 Kd7 31. Kf2 c5 32. Ke3 Kc6 33. Kd3
cxb4 34. cxb4 Kb5 35. Kc3 f5 0-1

[Event "Airthings Masters - Torneo Preliminare"]
[Site "Internet"]
[Date "03.02.2023"]
[Round "1"]
[White "Maghsoodloo, Parham"]
[Black "Predke, Alexandr"]
[Result "1/2-1/2"]
[WhiteTitle ""]
[BlackTitle ""]
[WhiteElo "2728"]
[BlackElo "2684"]
[WhiteFideId "12539929"]
[BlackFideId "24107581"]
[EventDate "2023.02.03"]

1. d4 Nf6 2. c3 d5 3. Nf3 c6 4. Qc2 g6 5. Bf4 Bf5 6. Qc1 Nbd7 7. h3 h6 8. e3 g5
9. Bh2 Bg7 10. c4 Ne4 11. Nc3 Qa5 12. Nd2 Nxd2 13. Qxd2 e5 14. cxd5 exd4 15.
exd4 cxd5 16. Be2 O-O 17. O-O Rfe8 18. a3 Rac8 19. Rad1 Nb6 20. Rfe1 Re6 21. Be5
Bxe5 22. dxe5 Rxe5 23. f4 Qc5+ 24. Kh1 gxf4 25. Qxf4 Qe3 26. Qf1 Rce8 27. Kh2
Qg5 28. Rd4 Re3 29. Qf2 Bg6 30. Kg1 Qe5 31. Qf4 Qxf4 32. Rxf4 Nc4 33. Nxd5 Rxe2
34. Rxe2 Rxe2 35. Rxc4 Rxb2 36. h4 h5 37. g4 hxg4 38. h5 Bd3 39. Rxg4+ Kh7 40.
Rf4 Kh6 41. Rxf7 Bc4 42. Rf5 Bxd5 43. Rxd5 b5 44. Kf1 a5 45. a4 bxa4 46. Rxa5
Ra2 47. Ke1 a3 48. Kd1 Ra1+ 49. Kc2 a2 50. Kb2 Rh1 51. Kxa2 Rxh5 52. Rxh5+ Kxh5 1/2-1/2

[Event "Airthings Masters - Torneo Preliminare"]
[Site "Internet"]
[Date "03.02.2023"]
[Round "1"]
[White "Lobanov, Sergei"]
[Black "Bok, Benjamin"]
[Result "1-0"]
[WhiteTitle ""]
[BlackTitle ""]
[WhiteElo "2545"]
[BlackElo "2607"]
[WhiteFideId "24183750"]
[BlackFideId "1017063"]
[EventDate "2023.02.03"]

1. e4 c5 2. Nf3 d6 3. d4 cxd4 4. Nxd4 Nf6 5. Nc3 a6 6. f3 e5 7. Nb3 Be6 8. Be3
Be7 9. Qd2 O-O 10. O-O-O Nbd7 11. g4 b5 12. Rg1 Nb6 13. g5 Nh5 14. Na5 Rc8 15.
Kb1 g6 16. h4 b4 17. Nd5 Nxd5 18. exd5 Qxa5 19. dxe6 fxe6 20. Bh3 Ng7 21. h5 d5
22. hxg6 hxg6 23. Rh1 Kf7 24. f4 e4 25. Bd4 Nf5 26. Bxf5 gxf5 27. Rh6 Qb5 28.
Qh2 Ke8 29. Rxe6 Rc6 30. Re5 Kd7 31. Qh7 Re6 32. Rxf5 Rxf5 33. Qxf5 Qe2 34. Kc1
e3 35. g6 Qf3 36. g7 e2 37. Re1 Qg3 38. Rxe2 1-0

[Event "Airthings Masters - Torneo Preliminare"]
[Site "Internet"]
[Date "03.02.2023"]
[Round "1"]
[White "Kevlishvili, Robby"]
[Black "Le, Quang Liem"]
[Result "0-1"]
[WhiteTitle ""]
[BlackTitle ""]
[WhiteElo "2537"]
[BlackElo "2728"]
[WhiteFideId "1040634"]
[BlackFideId "12401137"]
[EventDate "2023.02.03"]

1. e4 c5 2. Nf3 d6 3. d4 cxd4 4. Nxd4 Nf6 5. Nc3 a6 6. h4 e5 7. Nb3 Be7 8. Bg5
Be6 9. Bxf6 Bxf6 10. g3 Be7 11. Qd3 Nd7 12. O-O-O Nf6 13. f4 b5 14. f5 Bd7 15.
Rg1 Bc6 16. Nd5 Bxd5 17. exd5 h5 18. Nd2 Rc8 19. Ne4 Qb6 20. Be2 Rc4 21. Nxf6+
Bxf6 22. Qb3 Ra4 23. Kb1 Ke7 24. Rge1 Rd4 25. c4 Rb8 26. Rxd4 Qxd4 27. cxb5 Qf2
28. Qc3 Kf8 29. a4 e4 30. Qb4 Qxg3 31. Rc1 axb5 32. Bxb5 Qd3+ 33. Ka1 Qxd5 34.
Re1 Kg8 35. Rxe4 Qxf5 36. Ka2 d5 37. Re2 d4 38. Qb3 Bxh4 39. Bd3 Qf4 40. Qd5 g6
41. Bxg6 d3 42. Re4 Qf6 43. Qxf7+ Qxf7+ 44. Bxf7+ Kxf7 45. Rxh4 Rd8 46. Rh1 d2
47. Rd1 h4 48. Kb3 h3 49. Kc2 h2 50. b4 Rc8+ 0-1

[Event "Airthings Masters - Torneo Preliminare"]
[Site "Internet"]
[Date "03.02.2023"]
[Round "1"]
[White "Le, Tuan Minh"]
[Black "Mikaelyan, Arman"]
[Result "1-0"]
[WhiteTitle ""]
[BlackTitle ""]
[WhiteElo "2542"]
[BlackElo "2496"]
[WhiteFideId "12401153"]
[BlackFideId "13304852"]
[EventDate "2023.02.03"]

1. d4 d5 2. Nf3 Nf6 3. Bf4 c5 4. c3 e6 5. e3 Bd6 6. Nbd2 O-O 7. Bd3 Bxf4 8. exf4
b6 9. Qe2 a5 10. O-O Ba6 11. Bxa6 Nxa6 12. Rfe1 Qd6 13. g3 cxd4 14. Nxd4 Rfe8
15. Rad1 Nc5 16. Nf1 Nfe4 17. Ne3 a4 18. a3 h6 19. c4 dxc4 20. Nxc4 Qc7 21. Nb5
Qe7 22. Rd4 Nf6 23. Nxb6 Rad8 24. Red1 Rxd4 25. Rxd4 e5 26. fxe5 Qxe5 27. Qxe5
Rxe5 28. Nc3 Nb3 29. Rd8+ Kh7 30. Nbxa4 h5 31. h3 g5 32. Nb6 Re1+ 33. Kg2 g4 34.
hxg4 hxg4 35. Nbd5 Nxd5 36. Nxd5 Kg7 37. Ne3 Re2 38. Nxg4 Rxb2 39. Rb8 Rb1 40.
a4 1-0

[Event "Airthings Masters - Torneo Preliminare"]
[Site "Internet"]
[Date "03.02.2023"]
[Round "1"]
[White "Fier, Alexandr"]
[Black "Yu, Yangyi"]
[Result "0-1"]
[WhiteTitle ""]
[BlackTitle ""]
[WhiteElo "2606"]
[BlackElo "2729"]
[WhiteFideId "2107139"]
[BlackFideId "8603820"]
[EventDate "2023.02.03"]

1. d4 Nf6 2. c4 e6 3. Nc3 Bb4 4. e3 O-O 5. Ne2 Re8 6. a3 Bf8 7. Ng3 d5 8. Be2 b6
9. O-O Bb7 10. cxd5 exd5 11. b4 c6 12. Rb1 Nbd7 13. Bf3 a5 14. b5 c5 15. Nge2
Rc8 16. dxc5 Nxc5 17. Nd4 Nce4 18. Na4 Nd6 19. Qb3 Nc4 20. Rd1 Ne4 21. Ne2 Qh4
22. Ng3 Bd6 23. Bxe4 Rxe4 24. Nxe4 Qxh2+ 25. Kf1 dxe4 26. Nb2 Nxa3 27. Ra1 Qh1+
28. Ke2 Qh5+ 29. Kf1 Nc2 30. Ra4 Qh1+ 31. Ke2 Qh5+ 32. Kf1 Bb4 33. Kg1 Qxb5 34.
Ra2 h6 35. Qa4 Ba6 36. Qb3 Ne1 37. Kh2 Bd6+ 0-1